[Event "10th European club championship, Qualification group 1"]
[Site "Eupen"]
[Date "1994.10.14"]
[Round "1"]
[White "Hjartarson, Jóhann"]
[Black "Bator, Robert"]
[Result "1-0"]
[WhiteElo "2585"]
[BlackElo "2405"]
[WhiteTitle "GM"]
[BlackTitle "IM"]
[WhiteTeam "Bayern Munich"]
[BlackTeam "SK Rockaden Stockholm"]
[Board "4"]
[Source "OlimpBase"]
[EventDate "1994.10.14"]
[PlyCount "77"]

1.d4 d5 2.c4 e6 3.Nc3 Bb4 4.e3 Nf6 5.Qa4+ Nc6 6.Bd2 O-O 7.Nf3 a6 8.a3 Bxc3
9.Bxc3 Ne4 10.Qc2 Nxc3 11.Qxc3 Ne7 12.Rc1 Bd7 13.cxd5 Nxd5 14.Qb3 Nb6 15.
Ne5 Ba4 16.Qc3 c6 17.Bd3 Bb5 18.O-O Nd7 19.Rfd1 Nxe5 20.dxe5 Bxd3 21.Rxd3 
Qc7 22.Rd6 Rad8 23.Qd4 Qa5 24.Rd1 Rxd6 25.exd6 e5 26.Qh4 Qd8 27.Qe7 Qb8 
28.Qxe5 Re8 29.Qc5 Rd8 30.d7 Qc7 31.Qe7 g6 32.e4 c5 33.e5 Qb6 34.h4 c4 35.
h5 gxh5 36.e6 fxe6 37.Rd6 Qa5 38.Qxe6+ Kf8 39.Rd5 1-0

[Event "10th European club championship, Qualification group 1"]
[Site "Eupen"]
[Date "1994.10.14"]
[Round "1"]
[White "Sjöberg, Mats"]
[Black "Bönsch, Uwe"]
[Result "1/2-1/2"]
[WhiteElo "2445"]
[BlackElo "2540"]
[WhiteTitle "IM"]
[BlackTitle "GM"]
[WhiteTeam "SK Rockaden Stockholm"]
[BlackTeam "Bayern Munich"]
[Board "5"]
[Source "OlimpBase"]
[EventDate "1994.10.14"]
[PlyCount "85"]

1.d4 Nf6 2.c4 e6 3.Nf3 d5 4.Nc3 Be7 5.Bg5 h6 6.Bh4 O-O 7.Qc2 Na6 8.a3 c5 
9.e3 cxd4 10.exd4 dxc4 11.Bxc4 Nc7 12.O-O Bd7 13.Ne5 Rc8 14.Qb3 Bc6 15.
Rad1 Nh5 16.Bxe7 Qxe7 17.Rfe1 Nf6 18.Nxc6 bxc6 19.Na4 Rfd8 20.Nc5 Rb8 21.
Qc2 Rd6 22.b4 Nb5 23.Bxb5 cxb5 24.Nb3 Nd5 25.Rc1 Qf6 26.Qe2 Qg6 27.Qf3 a6 
28.Na5 Ne7 29.Nc6 Nxc6 30.Rxc6 Rxd4 31.Rxa6 Rd3 32.Qe2 Rbd8 33.g3 Qf5 34.
Ra5 Rd2 35.Qf1 R8d5 36.a4 bxa4 37.Ra8+ Kh7 38.Rxa4 Qc2 39.Ra5 R5d3 40.Qg2 
Rd4 41.Qf3 Rd1 42.Ra1 Rxa1 43.Rxa1 1/2-1/2

[Event "10th European club championship, Qualification group 1"]
[Site "Eupen"]
[Date "1994.10.14"]
[Round "1"]
[White "Kuijf, Marinus"]
[Black "Ólafsson, Helgi"]
[Result "1/2-1/2"]
[WhiteElo "2425"]
[BlackElo "2520"]
[WhiteTitle "IM"]
[BlackTitle "GM"]
[WhiteTeam "K Antwerpse SK"]
[BlackTeam "Taflfélag Reykjavíkur"]
[Board "1"]
[Source "OlimpBase"]
[EventDate "1994.10.14"]
[PlyCount "88"]

1.e4 c5 2.Ne2 Nf6 3.Nbc3 d6 4.g3 Nc6 5.Bg2 g6 6.O-O Bg7 7.d3 Rb8 8.f4 Qd7 
9.f5 b5 10.Nf4 e6 11.a3 Ne5 12.fxe6 fxe6 13.Kh1 O-O 14.Be3 Qe7 15.Bg1 Bd7 
16.b4 g5 17.Nfe2 h6 18.a4 a6 19.bxc5 dxc5 20.axb5 axb5 21.Ra6 Ra8 22.Qa1 
Rxa6 23.Qxa6 b4 24.Na4 Bxa4 25.Qxa4 Nfg4 26.Rxf8+ Qxf8 27.Qa6 Nf2+ 28.Bxf2
Qxf2 29.Qxe6+ Kf8 30.Qf5+ Qxf5 31.exf5 Ng4 32.Bd5 Ne3 33.Bb3 Be5 34.h3 h5 
35.Kg1 Nxf5 36.Kf2 g4 37.hxg4 hxg4 38.Be6 Nd4 39.Nxd4 Bxd4+ 40.Kg2 Ke7 41.
Bxg4 Kf6 42.Kf3 Kg5 43.Be6 Bc3 44.Ke4 Bd4 1/2-1/2

[Event "10th European club championship, Qualification group 1"]
[Site "Eupen"]
[Date "1994.10.14"]
[Round "1"]
[White "van Gaalen, Bas"]
[Black "Árnason, Jón Loftur"]
[Result "0-1"]
[WhiteElo "2390"]
[BlackElo "2525"]
[BlackTitle "GM"]
[WhiteTeam "K Antwerpse SK"]
[BlackTeam "Taflfélag Reykjavíkur"]
[Board "3"]
[Source "OlimpBase"]
[EventDate "1994.10.14"]
[PlyCount "78"]

1.d4 Nf6 2.c4 e6 3.Nf3 b6 4.Nc3 Bb4 5.Bg5 Bb7 6.e3 Bxc3+ 7.bxc3 d6 8.Nd2 
h6 9.Bh4 c5 10.f3 Nc6 11.Bd3 e5 12.d5 Na5 13.O-O g5 14.Bg3 Qe7 15.Qa4+ Kd8
16.Rae1 Nh5 17.Bf2 Bc8 18.Qc2 Kc7 19.Nb3 Nb7 20.Nc1 Bd7 21.Bf5 Raf8 22.Bg4
Nf6 23.Bxd7 Nxd7 24.f4 f5 25.Bg3 gxf4 26.exf4 e4 27.Qa4 Rfg8 28.Qc6+ Kb8 
29.Bh4 Qf7 30.Re3 Rg4 31.Be1 Nf6 32.h3 Rg6 33.Bh4 Nh5 34.Rf2 Rhg8 35.Ne2 
Na5 36.Qa4 Qe8 37.Qxe8+ Rxe8 38.Nc1 Nxc4 39.Re1 Reg8 0-1

[Event "10th European club championship, Qualification group 1"]
[Site "Eupen"]
[Date "1994.10.14"]
[Round "1"]
[White "Van Herck, Marcel"]
[Black "Grétarsson, Helgi Áss"]
[Result "0-1"]
[WhiteElo "2205"]
[BlackElo "2450"]
[BlackTitle "GM"]
[WhiteTeam "K Antwerpse SK"]
[BlackTeam "Taflfélag Reykjavíkur"]
[Board "5"]
[Source "OlimpBase"]
[EventDate "1994.10.14"]
[PlyCount "50"]

1.e4 e5 2.f4 d5 3.exd5 c6 4.Qe2 cxd5 5.fxe5 Nc6 6.c3 Qc7 7.Nf3 Bg4 8.Na3 
Bxa3 9.bxa3 Nge7 10.Bb2 O-O 11.Qe3 Bxf3 12.gxf3 Nxe5 13.d3 Nf5 14.Qf2 
d4 15.cxd4 Qa5+ 16.Kd1 Qa4+ 17.Ke1 Nc6 18.Rc1 Rfe8+ 19.Kd2 Ne3 20.Bh3 Qa5+
21.Bc3 Qxa3 22.Rb1 Nd5 23.Rb3 Qxa2+ 24.Rb2 Qa3 25.Rc2 Ncb4 0-1

[Event "10th European club championship, Qualification group 1"]
[Site "Eupen"]
[Date "1994.10.14"]
[Round "1"]
[White "Jónasson, Benedikt"]
[Black "Van Beers, Eddy"]
[Result "0-1"]
[WhiteElo "2305"]
[BlackElo "2170"]
[WhiteTitle "FM"]
[WhiteTeam "Taflfélag Reykjavíkur"]
[BlackTeam "K Antwerpse SK"]
[Board "6"]
[Source "OlimpBase"]
[EventDate "1994.10.14"]
[PlyCount "78"]

1.e4 e5 2.Nf3 Nc6 3.Bb5 f5 4.d4 fxe4 5.Nxe5 Nxe5 6.dxe5 c6 7.Nc3 cxb5 8.
Nxe4 d5 9.exd6 Nf6 10.Bg5 Qa5+ 11.Bd2 b4 12.Nxf6+ gxf6 13.Bf4 Be6 14.Qd4 
Kf7 15.O-O Rd8 16.Rad1 Qxa2 17.Qxb4 Qc4 18.Qxb7+ Rd7 19.Qf3 Qxc2 20.
Rd3 Qc5 21.Rfd1 Qf5 22.Re1 Rg8 23.h3 Bxd6 24.Rd4 Bc5 25.Rxd7+ Bxd7 26.
Rd1 Be6 27.Qb7+ Kg6 28.Bg3 Kh6 29.Kh2 Bxf2 30.Bxf2 Qxf2 31.Qe4 Bf5 32.Qd5 
Rg5 33.Rd2 Qf4+ 34.Kh1 Bxh3 35.Qa8 Qf1+ 36.Kh2 Rxg2+ 37.Rxg2 Qxg2+ 38.Qxg2
Bxg2 39.Kxg2 Kg5 0-1

[Event "10th European club championship, Qualification group 1"]
[Site "Eupen"]
[Date "1994.10.14"]
[Round "1"]
[White "Jelling, Erik"]
[Black "Emms, John Michael"]
[Result "0-1"]
[WhiteElo "2420"]
[BlackElo "2535"]
[WhiteTitle "IM"]
[BlackTitle "IM"]
[WhiteTeam "SK 1968 Århus"]
[BlackTeam "Invicta Knights Maidstone"]
[Board "1"]
[Source "OlimpBase"]
[EventDate "1994.10.14"]
[PlyCount "126"]

1.d4 Nf6 2.c4 e6 3.Nc3 Bb4 4.e3 O-O 5.Bd3 c5 6.Ne2 d5 7.O-O cxd4 8.exd4 
dxc4 9.Bxc4 Nc6 10.Bg5 Be7 11.a3 a6 12.Qd3 b5 13.Bb3 Bb7 14.Bc2 g6 15.Rfd1
Re8 16.Qh3 Rc8 17.Bxf6 Bxf6 18.d5 exd5 19.Rxd5 Qb6 20.Rd6 Be5 21.Rd7 Bxc3 
22.Nxc3 Ne5 23.Rdd1 Nc4 24.Bb3 Qf6 25.Bxc4 Rxc4 26.Qg3 b4 27.axb4 Rxb4 28.
Rd2 Rd8 29.Rad1 Rxd2 30.Rxd2 Kg7 31.h3 h6 32.Kh2 Qf4 33.Qxf4 Rxf4 34.f3 
Rb4 35.Kg3 g5 36.Kf2 Kg6 37.Ke3 f6 38.Kd3 h5 39.Kc2 g4 40.hxg4 hxg4 41.Rd3
gxf3 42.gxf3 Rf4 43.Ne2 Rxf3 44.Rxf3 Bxf3 45.Nd4 Bd5 46.b4 Bc4 47.Kc3 Bb5 
48.Kd2 Kf7 49.Ke3 Ke7 50.Ke4 Bc4 51.Nf5+ Kd7 52.Nd4 Be6 53.b5 a5 54.b6 Bh3
55.Kd5 a4 56.Kc4 Kc8 57.Kb4 Bd7 58.Ne2 Kb7 59.Nc3 f5 60.Kc5 Be8 61.Kd5 a3 
62.Ke5 Bd7 63.Kd6 f4 0-1

[Event "10th European club championship, Qualification group 1"]
[Site "Eupen"]
[Date "1994.10.14"]
[Round "1"]
[White "Ward, Christopher"]
[Black "Holst, Allan"]
[Result "1/2-1/2"]
[WhiteElo "2490"]
[BlackElo "2340"]
[WhiteTitle "IM"]
[WhiteTeam "Invicta Knights Maidstone"]
[BlackTeam "SK 1968 Århus"]
[Board "3"]
[Source "OlimpBase"]
[EventDate "1994.10.14"]
[PlyCount "108"]

1.d4 Nf6 2.c4 d6 3.Nc3 Nbd7 4.e4 e5 5.d5 Be7 6.Bd3 c6 7.Nge2 a6 8.O-O h5 
9.h3 h4 10.Be3 Nh7 11.dxc6 bxc6 12.Bc2 Nb6 13.Qd3 Be6 14.b3 g6 15.f4 f6 
16.Rad1 Qc7 17.Kh1 Nf8 18.fxe5 fxe5 19.Ng1 g5 20.Nf3 Rg8 21.Qd2 g4 22.Ng5 
Bxg5 23.Bxg5 gxh3 24.gxh3 Bxh3 25.Rg1 Ne6 26.Bf6 Rxg1+ 27.Rxg1 Qf7 28.Qh6 
Nd7 29.Bxh4 Qf3+ 30.Kh2 Ndf8 31.Qf6 Qxf6 32.Bxf6 Nf4 33.Rg7 Nd7 34.Rh7 Bg4
35.Bg5 Ne6 36.Bh4 Nd4 37.Kg3 Be6 38.Bd1 Bf7 39.Bg4 Nf8 40.Rh8 Be6 41.Bh5+ 
Bf7 42.Bd1 Bg6 43.Bg5 Kf7 44.Bh6 a5 45.Bg4 Re8 46.Kf2 Nh7 47.Rxe8 Kxe8 48.
Ke3 Nf6 49.Bh3 Nd7 50.Bxd7+ Kxd7 51.Bg5 Ne6 52.Bf6 Nc5 53.Bh4 Bf7 54.Be1 
Bg6 1/2-1/2

[Event "10th European club championship, Qualification group 1"]
[Site "Eupen"]
[Date "1994.10.14"]
[Round "1"]
[White "Nielsen, Uffe"]
[Black "Dickenson, Neil F"]
[Result "0-1"]
[WhiteElo "2370"]
[BlackElo "2290"]
[WhiteTitle "FM"]
[WhiteTeam "SK 1968 Århus"]
[BlackTeam "Invicta Knights Maidstone"]
[Board "3"]
[Source "OlimpBase"]
[EventDate "1994.10.14"]
[PlyCount "82"]

1.d4 c5 2.d5 Nf6 3.Nf3 b5 4.Bg5 Bb7 5.Bxf6 exf6 6.e4 Qb6 7.c4 b4 8.Nbd2 d6
9.Qa4+ Nd7 10.g3 Be7 11.Bh3 Bc8 12.O-O-O Qd8 13.Nh4 g6 14.f4 O-O 15.Qc2 a5
16.Bxd7 Bxd7 17.Ndf3 Re8 18.Rde1 Bf8 19.h3 a4 20.Qh2 Qa5 21.g4 Qa6 22.Nd2 
Bg7 23.Nhf3 Re7 24.Qg3 Rae8 25.Kb1 b3 26.a3 Qc8 27.Rhg1 f5 28.e5 Qb8 29.e6
fxe6 30.Ng5 exd5 31.Rxe7 Rxe7 32.cxd5 Qf8 33.Nc4 Qf6 34.Nf3 Re2 35.Nfe5 
dxe5 36.fxe5 Qa6 37.Rc1 Bb5 38.e6 Bxc4 39.Qb8+ Bf8 40.Qc7 Bd3+ 41.Ka1 Qd6 
0-1

[Event "10th European club championship, Qualification group 1"]
[Site "Eupen"]
[Date "1994.10.14"]
[Round "1"]
[White "Jacobsen, Bo"]
[Black "Fenn, Paul David"]
[Result "0-1"]
[WhiteElo "2280"]
[BlackElo "2160"]
[WhiteTeam "SK 1968 Århus"]
[BlackTeam "Invicta Knights Maidstone"]
[Board "5"]
[Source "OlimpBase"]
[EventDate "1994.10.14"]
[PlyCount "94"]

1.c4 b6 2.Nf3 Bb7 3.g3 e6 4.Bg2 f5 5.O-O Nf6 6.d3 Be7 7.Nc3 O-O 8.e4 
fxe4 9.Ng5 Qc8 10.Ngxe4 Nc6 11.d4 Rb8 12.d5 exd5 13.cxd5 Ne5 14.Bf4 Nf7
15.Rc1 Ba6 16.Re1 d6 17.b4 Qf5 18.b5 Bc8 19.Ne2 Nxe4 20.Nd4 Qf6 21.Bxe4 
Ng5 22.Bg2 Rb7 23.h4 Nh3+ 24.Bxh3 Bxh3 25.Ne6 Bxe6 26.dxe6 Qg6 27.Qf3 d5 
28.h5 Qf5 29.Re5 Qxe5 30.Qg4 Qf5 31.Qe2 Rf6 32.Rc6 g6 33.h6 Qe4 34.Qb2 
d4 35.Qb3 Qe1+ 36.Kg2 Qe4+ 37.Kh2 Qe2 38.Qd5 Qxf2+ 39.Kh3 Qf1+ 40.Kh2 Qf2+
41.Kh3 Qf1+ 42.Kh2 Qe2+ 43.Kg1 Qd1+ 44.Kg2 Qe2+ 45.Kg1 d3 46.Qd7 d2 47.
Qxe7 d1=Q# 0-1

[Event "10th European club championship, Qualification group 1"]
[Site "Eupen"]
[Date "1994.10.15"]
[Round "2"]
[White "Ólafsson, Helgi"]
[Black "Kovalev, Andrei"]
[Result "1/2-1/2"]
[WhiteElo "2520"]
[BlackElo "2525"]
[WhiteTitle "GM"]
[BlackTitle "GM"]
[WhiteTeam "Taflfélag Reykjavíkur"]
[BlackTeam "SK Rochade Eupen-Kelmis"]
[Board "1"]
[Source "OlimpBase"]
[EventDate "1994.10.14"]
[PlyCount "66"]

1.d4 Nf6 2.c4 d6 3.Nc3 Nbd7 4.g3 e5 5.e3 exd4 6.exd4 d5 7.c5 c6 8.b4 Ne4
 9.Qe2 Be7 10.Nxe4 dxe4 11.Qxe4 Nf6 12.Qd3 Qd5 13.Nf3 Bf5 14.Qe2 Be4 
15.Bg2 Bxf3 16.Bxf3 Qxd4 17.Rb1 Nd5 18.Bxd5 Qxd5 19.O-O Qe6 20.Re1 Qxe2 
21.Rxe2 Rd8 22.b5 cxb5 23.c6 Rd1+ 24.Kg2 bxc6 25.a4 a6 26.axb5 cxb5 27.
Ra1 Rd6 28.Bf4 Re6 29.Rxe6 fxe6 30.Rxa6 Rf8 31.Ra8+ Kd7 32.Ra7+ Ke8 33.
Ra8+ Kd7 1/2-1/2

[Event "10th European club championship, Qualification group 1"]
[Site "Eupen"]
[Date "1994.10.15"]
[Round "2"]
[White "Chuchelov, Vladimir"]
[Black "Stefánsson, Hannes Hlífar"]
[Result "0-1"]
[WhiteElo "2475"]
[BlackElo "2560"]
[WhiteTitle "IM"]
[BlackTitle "GM"]
[WhiteTeam "SK Rochade Eupen-Kelmis"]
[BlackTeam "Taflfélag Reykjavíkur"]
[Board "2"]
[Source "OlimpBase"]
[EventDate "1994.10.14"]
[PlyCount "78"]

1.d4 Nf6 2.Nf3 e6 3.c4 b6 4.g3 Ba6 5.b3 d5 6.cxd5 exd5 7.Bg2 Bb4+ 8.Bd2 
Bd6 9.Nc3 O-O 10.O-O Nbd7 11.Rc1 Re8 12.Re1 Bb4 13.a3 Bf8 14.Rc2 Bb7 15.
Bc1 Ne4 16.Bb2 a6 17.e3 Bd6 18.Ne2 Qe7 19.Nf4 Nf8 20.Qc1 Ne6 21.Rd1 Rad8 
22.Ne5 c5 23.Ned3 Nxf4 24.exf4 cxd4 25.Bxd4 Bxa3 26.Qe3 Qf8 27.Rc7 Bc8 28.
Qf3 Bd6 29.Rc6 Bc5 30.Nxc5 bxc5 31.Be5 f6 32.Bc7 Rd7 33.Bh3 Rxc7 34.Rxc7 
Bxh3 35.g4 Qd6 36.Rb7 Qc6 37.Ra7 Qb6 38.Rd7 Qe6 39.R1xd5 Ng5 0-1

[Event "10th European club championship, Qualification group 1"]
[Site "Eupen"]
[Date "1994.10.15"]
[Round "2"]
[White "Árnason, Jón Loftur"]
[Black "Kishnev, Sergei"]
[Result "1/2-1/2"]
[WhiteElo "2525"]
[BlackElo "2470"]
[WhiteTitle "GM"]
[BlackTitle "IM"]
[WhiteTeam "Taflfélag Reykjavíkur"]
[BlackTeam "SK Rochade Eupen-Kelmis"]
[Board "3"]
[Source "OlimpBase"]
[EventDate "1994.10.14"]
[PlyCount "104"]

1.e4 e6 2.d4 d5 3.Nd2 c5 4.Ngf3 Nf6 5.exd5 exd5 6.Bb5+ Bd7 7.Bxd7+ Nbxd7 
8.dxc5 Qe7+ 9.Qe2 Qxe2+ 10.Kxe2 Bxc5 11.Nb3 Bb6 12.Rd1 O-O 13.Bd2 Rfe8+ 
14.Kf1 Ne4 15.Be1 Ndf6 16.Nfd4 Nd6 17.Rab1 Nc4 18.h3 Rac8 19.Ne2 Re5 20.
Nbd4 Rce8 21.b3 Bxd4 22.Nxd4 Rxe1+ 23.Rxe1 Nd2+ 24.Kg1 Nxb1 25.Rxb1 Kf8 
26.f3 g6 27.Kf2 a6 28.Rd1 Ke7 29.Ne2 Rc8 30.Rd2 Kd6 31.g4 Kc5 32.Nf4 h6 
33.h4 Rd8 34.c3 b5 35.g5 hxg5 36.hxg5 Nh7 37.Nd3+ Kb6 38.f4 a5 39.Ne5 f6 
40.gxf6 Nxf6 41.Ke3 Kc5 42.Rg2 Rg8 43.a3 Ne4 44.b4+ Kd6 45.Kd4 a4 46.Rxg6+
Rxg6 47.Nxg6 Nd2 48.f5 Nb1 49.f6 Ke6 50.Nf4+ Kxf6 51.Nxd5+ Kf7 52.c4 Nxa3 
1/2-1/2

[Event "10th European club championship, Qualification group 1"]
[Site "Eupen"]
[Date "1994.10.15"]
[Round "2"]
[White "Ahn, Martin"]
[Black "Þorsteins, Karl"]
[Result "0-1"]
[WhiteElo "2260"]
[BlackElo "2510"]
[BlackTitle "IM"]
[WhiteTeam "SK rochade Eupen-Kelmis"]
[BlackTeam "Taflfélag Reykjavíkur"]
[Board "4"]
[Source "OlimpBase"]
[EventDate "1994.10.14"]
[PlyCount "48"]

1.e4 d6 2.d4 Nf6 3.Nc3 g6 4.Be3 c6 5.f3 Bg7 6.Qd2 Qa5 7.h4 b5 8.Nh3 Nbd7 
9.Bh6 Bxh6 10.Qxh6 b4 11.Nb1 b3+ 12.Nd2 bxc2 13.Bc4 Rb8 14.O-O Rxb2 15.Nb3
Qc3 16.Bxf7+ Kxf7 17.Ng5+ Ke8 18.Qg7 Rf8 19.Ne6 Ba6 20.Nc7+ Kd8 21.Nxa6 
Qe3+ 22.Kh2 Qf4+ 23.Kg1 c1=Q 24.Raxc1 Qg3 0-1

[Event "10th European club championship, Qualification group 1"]
[Site "Eupen"]
[Date "1994.10.15"]
[Round "2"]
[White "Jelling, Erik"]
[Black "Dutreeuw, Marc"]
[Result "1/2-1/2"]
[WhiteElo "2420"]
[BlackElo "2410"]
[WhiteTitle "IM"]
[BlackTitle "FM"]
[WhiteTeam "SK 1968 Århus"]
[BlackTeam "K Antwerpse SK"]
[Board "1"]
[Source "OlimpBase"]
[EventDate "1994.10.14"]
[PlyCount "126"]

1.d4 d5 2.c4 e6 3.Nc3 Be7 4.Nf3 Nf6 5.Bg5 h6 6.Bxf6 Bxf6 7.e3 O-O 8.Rc1 c6
9.Bd3 Nd7 10.O-O dxc4 11.Bxc4 e5 12.h3 Nb6 13.Bb3 Qe7 14.Re1 Bf5 15.dxe5 
Bxe5 16.Nxe5 Qxe5 17.Qh5 Rae8 18.e4 Bh7 19.Qxe5 Rxe5 20.f4 Re7 21.Rcd1 
Rfe8 22.e5 Kf8 23.Ne4 Bxe4 24.Rxe4 Rd7 25.Rxd7 Nxd7 26.Rd4 Rd8 27.Kf2 Ke7 
28.Ke3 f6 29.exf6+ Nxf6 30.Rxd8 Kxd8 31.Kd4 Ke7 32.Ke5 Nd7+ 33.Kf5 Nf8 34.
g4 g6+ 35.Ke4 Kf6 36.h4 g5 37.fxg5+ hxg5 38.h5 Nd7 39.Kd4 Ne5 40.Bd1 Nd7 
41.Bc2 Ne5 42.Bf5 b6 43.h6 Nf3+ 44.Ke3 Ne5 45.h7 Kg7 46.b4 c5 47.bxc5 bxc5
48.Ke4 Nc4 49.Be6 Nb6 50.Bg8 Nd7 51.Be6 Nb6 52.Ke5 Kxh7 53.Kd6 c4 54.Kc5 
c3 55.Kd4 Kg7 56.Kxc3 Kf6 57.Bb3 Ke5 58.Kb4 Kf4 59.Kb5 Kxg4 60.Ka6 Kf4 61.
Kxa7 Nd7 62.Be6 Nc5 63.Bc8 Ke5 1/2-1/2

[Event "10th European club championship, Qualification group 1"]
[Site "Eupen"]
[Date "1994.10.15"]
[Round "2"]
[White "Cools, Gorik"]
[Black "Holst, Allan"]
[Result "0-1"]
[WhiteElo "2300"]
[BlackElo "2340"]
[WhiteTeam "K Antwerpse SK"]
[BlackTeam "SK 1968 Århus"]
[Board "2"]
[Source "OlimpBase"]
[EventDate "1994.10.14"]
[PlyCount "79"]

1.e4 c5 2.Nf3 g6 3.Bc4 Bg7 4.O-O d6 5.c3 Nf6 6.Re1 O-O 7.Bb3 Nc6 8.h3 e5 
9.d4 Qc7 10.d5 Nd8 11.a4 Kh8 12.Na3 Ng8 13.Bg5 f6 14.Bh4 Nf7 15.Nd2 Bh6 
16.Bc2 Qd8 17.b4 cxb4 18.cxb4 Bg5 19.Bxg5 fxg5 20.Ndc4 Nf6 21.g4 h5 22.f3 
Kg7 23.Kg2 Qe7 24.Bd3 Rh8 25.Rh1 Bd7 26.Nb5 Rh7 27.Qe2 Ne8 28.Qf2 b6 29.
Nc3 Rc8 30.b5 Rc5 31.a5 Nc7 32.axb6 axb6 33.Ra7 Qd8 34.Na4 Nxb5 35.Nxc5 
Nxa7 36.Ne6+ Bxe6 37.dxe6 Nh6 38.Qxb6 Qxb6 39.Nxb6 Kf8 40.Nd7+ $138 0-1

[Event "10th European club championship, Qualification group 1"]
[Site "Eupen"]
[Date "1994.10.15"]
[Round "2"]
[White "Nielsen, Uffe"]
[Black "Docx, Stefan"]
[Result "0-1"]
[WhiteElo "2370"]
[BlackElo "2270"]
[WhiteTitle "FM"]
[WhiteTeam "SK 1968 Århus"]
[BlackTeam "K Antwerpse SK"]
[Board "3"]
[Source "OlimpBase"]
[EventDate "1994.10.14"]
[PlyCount "138"]

1.d4 Nf6 2.Nf3 c6 3.c4 d5 4.e3 Bf5 5.Nc3 e6 6.Ne5 Nbd7 7.f4 Ne4 8.Qb3 Nxe5
9.fxe5 Rb8 10.g3 h5 11.Be2 g6 12.Bd2 Nxd2 13.Kxd2 Bh6 14.Bf3 Qa5 15.h3 Rd8
16.c5 Be4 17.Rhf1 Rd7 18.Qa4 Qd8 19.h4 b5 20.Qa6 b4 21.Ne2 Bf5 22.Qxc6 Qa5
23.Rfc1 Ke7 24.Nf4 Rhd8 25.Be2 b3+ 26.Rc3 bxa2 27.Qa6 Qb4 28.Rxa2 Bb1 29.
Qa3 Rb8 30.c6 Bxa2 31.cxd7 Bxf4 32.gxf4 Qxa3 33.Rxa3 Rxb2+ 34.Ke1 a6 35.
Bxa6 Kxd7 36.Be2 Bc4 37.Bxc4 dxc4 38.Rc3 Kc6 39.Rxc4+ Kd5 40.Rc3 Ke4 41.
Kd1 Rh2 42.Rc7 Kxe3 43.Rxf7 Rxh4 44.d5 exd5 45.e6 Kd3 46.Ke1 Rh2 47.Rf6 
Ke3 48.Kf1 Kf3 49.Kg1 Re2 50.f5 Re1+ 51.Kh2 Re2+ 52.Kg1 Re1+ 53.Kh2 gxf5 
54.Rxf5+ Ke4 55.Rxh5 Kd4 56.Rh6 Kc3 57.Kg3 d4 58.Kf2 Re5 59.Rh3+ d3 60.Rh8
Rxe6 61.Rc8+ Kd2 62.Rc7 Kd1 63.Rc3 Kd2 64.Rc8 Rf6+ 65.Kg2 Rf4 66.Kg3 Ke3 
67.Rc1 d2 68.Rc3+ Ke4 69.Rc8 Rf5 0-1

[Event "10th European club championship, Qualification group 1"]
[Site "Eupen"]
[Date "1994.10.15"]
[Round "2"]
[White "Van Herck, Marcel"]
[Black "Ochsner, Thomas"]
[Result "0-1"]
[WhiteElo "2205"]
[BlackElo "2285"]
[WhiteTeam "K Antwerpse SK"]
[BlackTeam "SK 1968 Århus"]
[Board "4"]
[Source "OlimpBase"]
[EventDate "1994.10.14"]
[PlyCount "60"]

1.e4 e5 2.f4 Bc5 3.Nf3 d6 4.b4 Bxb4 5.c3 Bc5 6.d4 exd4 7.cxd4 Bb6 8.Bd3 
Bg4 9.Bb2 Nf6 10.h3 Bxf3 11.Qxf3 O-O 12.Nd2 Nc6 13.Nb3 d5 14.e5 Ne4 15.
Bxe4 dxe4 16.Qxe4 Qh4+ 17.Ke2 Nxe5 18.g3 Qh5+ 19.g4 Qg6 20.Qxg6 Nxg6 21.
Kf3 f5 22.g5 Rae8 23.Ba3 Rf7 24.Rae1 Re4 25.Rxe4 fxe4+ 26.Kxe4 Rxf4+ 27.
Kd3 Rf2 28.Bc5 Rxa2 29.Bxb6 axb6 30.h4 Ne7 0-1

[Event "10th European club championship, Qualification group 1"]
[Site "Eupen"]
[Date "1994.10.15"]
[Round "2"]
[White "Pedersen, Finn"]
[Black "Van Beers, Eddy"]
[Result "1-0"]
[WhiteElo "2270"]
[BlackElo "2170"]
[WhiteTeam "SK 1968 Århus"]
[BlackTeam "K Antwerpse SK"]
[Board "5"]
[Source "OlimpBase"]
[EventDate "1994.10.14"]
[PlyCount "139"]

1.d4 Nf6 2.Nf3 e6 3.Bg5 c5 4.c3 cxd4 5.Bxf6 Qxf6 6.cxd4 Bb4+ 7.Nbd2 Nc6 8.
a3 Ba5 9.e3 O-O 10.b4 Bc7 11.b5 Ne7 12.Bd3 Qh6 13.O-O Ng6 14.Qc2 Bb8 15.b6
axb6 16.Nc4 Nh4 17.Nxh4 Qxh4 18.g3 Qd8 19.Rfb1 Bc7 20.Bxh7+ Kh8 21.Bd3 d5 
22.Qe2 g6 23.Ne5 Bd7 24.h4 Kg7 25.Kg2 Qe7 26.f4 Bxe5 27.fxe5 Rxa3 28.Rxa3 
Qxa3 29.Rxb6 Bc6 30.Rb1 f5 31.h5 gxh5 32.Bb5 Kg6 33.Rh1 Rh8 34.Bd3 Qe7 35.
g4 Qg5 36.Kf2 Kf7 37.gxh5 Rg8 38.Qf3 Qg4 39.Qxg4 Rxg4 40.Be2 Rg5 41.h6 Kg8
42.Bh5 Bd7 43.Bf7+ Kxf7 44.h7 Rg8 45.h8=Q Rxh8 46.Rxh8 Ke7 47.Ke2 Bc6 48.
Kd3 Kd7 49.Rh7+ Kd8 50.Kc3 Bd7 51.Kb4 b6 52.Rh1 Kc7 53.Rb1 Kc6 54.Kc3 Be8 
55.Kd2 Bh5 56.Rh1 Be8 57.Rh7 Bd7 58.Ke2 Bc8 59.Kf3 Bd7 60.Rh8 Kb5 61.Rd8 
Kc6 62.Kf4 Kc7 63.Rh8 Bc6 64.Kg5 Bd7 65.Kf6 b5 66.Ke7 Bc8 67.Rh1 Kb6 68.
Rc1 Bb7 69.Kxe6 b4 70.Kf7 1-0

[Event "10th European club championship, Qualification group 1"]
[Site "Eupen"]
[Date "1994.10.16"]
[Round "3"]
[White "Jónasson, Benedikt"]
[Black "Bischoff, Klaus"]
[Result "1-0"]
[WhiteElo "2305"]
[BlackElo "2525"]
[WhiteTitle "FM"]
[BlackTitle "GM"]
[WhiteTeam "Taflfélag Reykjavíkur"]
[BlackTeam "Bayern Munich"]
[Board "6"]
[Source "OlimpBase"]
[EventDate "1994.10.14"]
[PlyCount "129"]

1.e4 c5 2.Nf3 d6 3.d4 cxd4 4.Nxd4 Nf6 5.Nc3 Nbd7 6.g3 a6 7.Bg2 e6 8.O-O 
Be7 9.Kh1 h5 10.h3 g6 11.f4 Qc7 12.Qe2 O-O 13.Bd2 Nh7 14.Rae1 Bf6 15.Nf3 
b5 16.e5 dxe5 17.fxe5 Bg7 18.Bf4 Bb7 19.Ne4 Bxe4 20.Qxe4 Rac8 21.Rd1 Nb6 
22.Rd6 Nc4 23.Rxa6 Nxb2 24.h4 Qxc2 25.Qxc2 Rxc2 26.Nd4 Rc5 27.Rb1 Nd3 28.
Rc6 Rd8 29.Rxc5 Nxc5 30.Nc6 Rd3 31.Rxb5 Bf8 32.Rb8 Kg7 33.Ra8 Rd1+ 34.Kh2 
Ra1 35.Ra7 Nd3 36.Nd8 Bc5 37.Nxe6+ Kg8 38.Ra8+ Nf8 39.Nxc5 Nxc5 40.Bh6 Nd7
41.a4 Nxe5 42.Bh3 Ra2+ 43.Kg1 Ra1+ 44.Kf2 Ra2+ 45.Kf1 Ra1+ 46.Ke2 Ra2+ 47.
Kd1 Ra1+ 48.Kc2 Kh7 49.Bxf8 Rh1 50.Bc8 Rg1 51.Bd6 Rg2+ 52.Kd1 Nc4 53.Bf4 
Nb2+ 54.Ke1 Nd3+ 55.Kf1 Nxf4 56.gxf4 Rh2 57.Ra7 Kg8 58.f5 gxf5 59.Bxf5 
Rxh4 60.Kg2 Rb4 61.a5 Ra4 62.a6 Ra3 63.Kh2 h4 64.Bc8 Rc3 65.Rb7 1-0

[Event "10th European club championship, Qualification group 1"]
[Site "Eupen"]
[Date "1994.10.16"]
[Round "3"]
[White "Emms, John Michael"]
[Black "Kovalev, Andrei"]
[Result "1/2-1/2"]
[WhiteElo "2535"]
[BlackElo "2525"]
[WhiteTitle "IM"]
[BlackTitle "GM"]
[WhiteTeam "Invicta Knights Maidstone"]
[BlackTeam "SK Rochade Eupen-Kelmis"]
[Board "1"]
[Source "OlimpBase"]
[EventDate "1994.10.14"]
[PlyCount "40"]

1.e4 c5 2.Nf3 d6 3.d4 cxd4 4.Nxd4 Nf6 5.Nc3 Nc6 6.Bc4 e6 7.Be3 a6 8.Bb3 
Be7 9.Qe2 O-O 10.O-O-O Nd7 11.f4 Nc5 12.Rhf1 Nxb3+ 13.axb3 Bd7 14.f5 Ne5 
15.fxe6 fxe6 16.Nf3 Qa5 17.Nxe5 Qxe5 18.Rxf8+ Rxf8 19.g3 Bc6 20.Kb1 Qf6 
1/2-1/2